| 000 | 00836nam a22002177a 4500 | ||
|---|---|---|---|
| 999 |
_c5905 _d5905 |
||
| 003 | AR-CdUCM | ||
| 008 | 190313b ||||| |||| 00| 0 spa d | ||
| 040 |
_aMUNICIPALIDAD PROVINCIAL DEL CUSCO _cBIBLIOTECA MUNICIPAL DEL CUSCO |
||
| 082 |
_a868.41 / _bCH26 |
||
| 110 |
_aBanco Gibson _917393 |
||
| 245 |
_aChavez : _bEl primer transvolador de los alpes / |
||
| 260 |
_aLima : _bAusonia, _c1960. |
||
| 300 |
_a140 paginas ; _c22 cm. _bFotografías, |
||
| 500 | _aDonación de la familia Nieto | ||
| 505 | _aContenido : Esperando la prueba -- Los preparativos desde la vertiente italiana -- La prueba -- La semana de briga -- Chavez y weyman listos para la partida ... | ||
| 650 |
_aBiografía _922 |
||
| 650 |
_aJorge Chávez el aviador _917394 |
||
| 650 |
_aHistoria del aviador peruano _917395 |
||
| 942 |
_2ddc _cLIBROS |
||
| 945 | _arah | ||